000 00511ntaaa2200193 4500
003 01
005 20251027200702.0
008 0714s1973 ag 01
040 _aAR-BaBN
_bspa
_cAR-BaBN
_eaacr
_dRIC
082 _a136.1 A37
100 _aWeatherhead, Leslie D
245 _aDominio del sexo mediante la psicología y la religión /
_cLeslie D Weatherhead
250 _a2 ed.
260 _as/l :
_bAurora,
_c1953
300 _a228 p
650 _aPsicologia Pastoral
650 _aSexo educacion
942 _cBK
999 _c1376
_d1376